Word Ladder: Miscellaneous Quiz Stats

 Plays Quiz not verified by Sporcle

Challenge
Share
Tweet
Embed
Score 0/20 Timer 02:00
0 Plays Today
Hint Answer % Correct
Adult female horseMARE
94.6%
5,280 feet (or roughly 1609 meters)MILE
94.6%
Patch of hair or fur on an animal's neckMANE
91.1%
BogMIRE
89.3%
A documentFILE
80.4%
The handle of a swordHILT
80.4%
OccupyFILL
75%
A protrusion from the earthHILL
75%
KickPUNT
75%
Wordplay jokesPUNS
75%
Hint Answer % Correct
Moves too slowly, often with 'behind'LAGS
75%
An object that shows the direction of the windVANE
73.2%
Overtakes an opponent by a full circuitLAPS
73.2%
Slang for Jacksonville's NFL teamJAGS
71.4%
Cartographic toolsMAPS
71.4%
Search forHUNT
69.6%
DashesRUNS
67.9%
Containers, usually holding liquidJUGS
66.1%
A common Sporcle headingHINT
62.5%
MatsRUGS
62.5%

You're not logged in!

Compare scores with friends on all Sporcle quizzes.
Join for Free
OR
Log In

You Might Also Like...

Show Comments

Extras

Created May 18, 2014ReportNominate
Tags:Word Ladder Quiz

Top Quizzes Today


Score Distribution

Your Account Isn't Verified!

In order to create a playlist on Sporcle, you need to verify the email address you used during registration. Go to your Sporcle Settings to finish the process.

Report this User

Report this user for behavior that violates our Community Guidelines.

Details: